Foundation stones of biochemistry : (Record no. 11770)
[ view plain ]
| 000 -LEADER | |
|---|---|
| fixed length control field | 00985cam a2200313 a 4500 |
| 001 - CONTROL NUMBER | |
| control field | 11770 |
| 003 - CONTROL NUMBER IDENTIFIER | |
| rucl marc code | BD-RjUL |
| 005 - DATE AND TIME OF LATEST TRANSACTION | |
| control field | 20211208235159.0 |
| 008 - FIXED-LENGTH DATA ELEMENTS--GENERAL INFORMATION | |
| fixed length control field | 140127t1990 hk a b 000 0 eng d |
| 035 ## - SYSTEM CONTROL NUMBER | |
| System control number | (BD-RjUL) |
| System control number | (OCoLC)ocm12082547 |
| System control number | (CStRLIN)NYCG91-B55357 |
| System control number | (BD-RjUL)11819 |
| System control number | (NNC)969070 |
| 040 ## - CATALOGING SOURCE | |
| Original cataloging agency | MnSU |
| Transcribing agency | MnSU |
| Modifying agency | NjP |
| -- | NNC |
| -- | BD-RjUL |
| Language of cataloging | eng |
| 041 1# - LANGUAGE CODE | |
| Language code of text/sound track or separate title | eng |
| Language code of summary or abstract | freger |
| 082 04 - DEWEY DECIMAL CLASSIFICATION NUMBER | |
| Edition number | 16 |
| Classification number | 574.192 |
| Author mark and year | FOU 1990 |
| 090 ## - LOCALLY ASSIGNED LC-TYPE CALL NUMBER (OCLC); LOCAL CALL NUMBER (OCLC) | |
| Classification number (OCLC) (R) ; Classification number, CALL (RLIN) (NR) | QD415.A2 |
| Local cutter number (OCLC) ; Book number/undivided call number, CALL (RLIN) | F68 1980g |
| 245 00 - TITLE STATEMENT | |
| Title | Foundation stones of biochemistry : |
| Remainder of title | classical papers on enzymes and pH / |
| Statement of responsibility, etc. | translated and edited by T.R. Caine Boyde. |
| 260 ## - PUBLICATION, DISTRIBUTION, ETC. (IMPRINT) | |
| Place of publication, distribution, etc. | Hong Kong : |
| Name of publisher, distributor, etc. | Voile et Aviron, |
| Date of publication, distribution, etc. | 1990 |
| 300 ## - PHYSICAL DESCRIPTION | |
| Pagination | 316 p. : |
| Illustrations | ill. ; |
| Size | 23 cm. |
| 500 ## - GENERAL NOTE | |
| General note | Errata sheet. |
| 504 ## - BIBLIOGRAPHY, ETC. NOTE | |
| Bibliography, etc | Includes bibliographical references. |
| 650 #0 - SUBJECT ADDED ENTRY--TOPICAL TERM | |
| Topical term or geographic name as entry element | Biochemistry. |
| 9 (RLIN) | 36451 |
| Topical term or geographic name as entry element | Enzymes. |
| 9 (RLIN) | 36452 |
| Topical term or geographic name as entry element | Hydrogen-ion concentration. |
| 9 (RLIN) | 36453 |
| 700 1# - ADDED ENTRY--PERSONAL NAME | |
| Personal name | Boyde, T. R. Caine. |
| 942 ## - ADDED ENTRY ELEMENTS (KOHA) | |
| Source of classification or shelving scheme | Dewey Decimal Classification |
| Koha item type | Books |
| Lost status | Source of classification or shelving scheme | Damaged status | Not for loan | Collection code | Permanent Location | Current Location | Shelving location | Date acquired | Source of acquisition | Total Checkouts | Full call number | Date last seen | Copy number | Koha item type |
|---|---|---|---|---|---|---|---|---|---|---|---|---|---|---|
| Dewey Decimal Classification | Not For Loan | Non-fiction | Central Library, University of Rajshahi | Central Library, University of Rajshahi | Reading Room | 20/06/1991 | Asia Foundation | 574.192 FOU 1990 | 27/01/2014 | C-1 | Books |